000 00630nam a22002417a 4500
003 UA-OsUOA
001 95773
007 ta
008 20130306b un ||||| |||| 00| 0 ukr d
100 _aКлимов И.
700 _aГраков Н.
090 _a821.161.3
_bК49
942 _cBK
040 _aUA-OsUOA
_brus
_cUA-OsUOA
_dUA-OsUOA
245 _aПартизаны Вилейщины
300 _a364 с.
955 _a3
041 _arus
080 _a821.161.3
260 _aМинск
_bБеларусь
_c1967
650 7 _a82 Література. Літературознавство
_2UDC
999 _c382016
_d382016